| 000 | 00592cam a2200205u 4500 | ||
|---|---|---|---|
| 999 |
_c5271 _d5271 |
||
| 001 | 9778710 | ||
| 003 | OSt | ||
| 005 | 20220406084803.0 | ||
| 008 | 830613s1952 nyua 000 0 eng | ||
| 010 | _a 52002373 | ||
| 040 |
_aDLC _cALUPE UNIVERSITY _dDLC |
||
| 050 | 0 | 0 |
_aRC683.5 _bB3 |
| 100 | 1 | _aBarker, Joseph M. [from old catalog] | |
| 245 | 1 | 4 | _aThe unipolar electrocardiogram, |
| 260 |
_aNew York, _bAppleton-Century-Crofts _c[1952] |
||
| 300 |
_a655 p. _billus. _c26 cm. |
||
| 650 | 0 | _aElectrocardiography. | |
| 906 |
_a0 _bcbc _cpremunv _du _encip _f19 _gy-gencatlg |
||
| 942 |
_2lcc _cBK _nJO |
||